000 00626cam a22002291 4500
001 ca 33000031
003 DLC
005 20260227111127.0
008 780427s1896 ck 000 1 spa
010 _aca 33000031
035 _a(OCoLC)3832786
040 _aDLC
_cTNJ
_dDLC
042 _apremarc
050 0 0 _aPQ8179.C3
_bF7
082 _a863.6
100 1 _aCarrasquilla, Tomás,
_d1858-1940.
245 1 0 _a[Frutos de mi tierra.
260 _aBogotá,
_c1896]
300 _axxiii p., 1 l., 413 p., 1 l.
_c18 cm.
500 _aShort stories.
500 _at.-p. wanting: title supplied from British museum supplement.
999 _c16984
_d16984